[Event "Gibtelecom ChallWk1 5th"]
[Site "Gibraltar"]
[Date "2007.01.26"]
[Round "4.5"]
[White "Agdestein, Emil"]
[Black "Dunn, Andrew"]
[Result "0-1"]
[WhiteElo "2116"]
[BlackElo "2190"]
[PlyCount "92"]
[EventDate "2007.01.23"]
[EventType "swiss"]
[EventRounds "5"]
[EventCountry "GGB"]
[SourceTitle "BritBase"]
[Source "www.saund.co.uk"]
[SourceDate "2018.02.10"]
[SourceVersion "1"]
[SourceVersionDate "2018.02.10"]
[SourceQuality "1"]

1. e4 c6 2. Nf3 d5 3. exd5 cxd5 4. Ne5 Nd7 5. d4 g6 6. Bd3 Nxe5 7. dxe5 e6 8.
O-O Bg7 9. f4 Ne7 10. c3 Bd7 11. Nd2 Rc8 12. Qe2 O-O 13. Nf3 Qc7 14. Nd4 a6 15.
Be3 Nc6 16. Rf3 f6 17. exf6 Bxf6 18. Raf1 Nxd4 19. Bxd4 Bxd4+ 20. cxd4 Qb6 21.
Qe5 Qxb2 22. Bxg6 hxg6 23. Rh3 Rc1 24. Rh8+ Kf7 25. Rxf8+ Kxf8 26. Qf6+ Ke8 27.
Qxg6+ Kd8 28. Qf6+ Kc8 29. h4 Rxf1+ 30. Kxf1 Qb1+ 31. Kf2 Qf5 32. Qh8+ Kc7 33.
Kg3 Qg6+ 34. Kh2 Qg4 35. Qe5+ Kc6 36. g3 Qf5 37. Qe3 Qc2+ 38. Kg1 Qb1+ 39. Kh2
Qxa2+ 40. Kh3 e5+ 41. g4 exd4 42. Qxd4 Qb3+ 43. Kh2 Bxg4 44. Qf6+ Kb5 45. Qg5
Qh3+ 46. Kg1 Qg3+ 0-1

[Event "Gibtelecom ChallWk1 5th"]
[Site "Gibraltar"]
[Date "2007.01.26"]
[Round "4.6"]
[White "Mayers, Dan"]
[Black "Soraas, Torben"]
[Result "0-1"]
[WhiteElo "1965"]
[BlackElo "2155"]
[PlyCount "60"]
[EventDate "2007.01.23"]
[EventType "swiss"]
[EventRounds "5"]
[EventCountry "GGB"]
[SourceTitle "BritBase"]
[Source "www.saund.co.uk"]
[SourceDate "2018.02.10"]
[SourceVersion "1"]
[SourceVersionDate "2018.02.10"]
[SourceQuality "1"]

1. e4 e6 2. d4 d5 3. Nc3 dxe4 4. Nxe4 Nd7 5. Nf3 Ngf6 6. Ng3 b6 7. Bb5 Bb7 8.
Bg5 a6 9. Bxf6 gxf6 10. Bd3 f5 11. Qd2 Qf6 12. O-O-O Bh6 13. Rhe1 Bxd2+ 14.
Rxd2 O-O-O 15. c4 Bxf3 16. gxf3 Qxd4 17. Re3 Nc5 18. Kc2 Nxd3 19. Rdxd3 Qxc4+
20. Rc3 Qa4+ 21. Rb3 Qxa2 22. Ne2 Qa1 23. Nc1 Qa4 24. Rec3 Rd5 25. Kb1 Rb5 26.
Ra3 Qd4 27. Rc2 a5 28. Rac3 c5 29. Nb3 Rxb3 30. Rxb3 Qd1+ 0-1

[Event "Gibtelecom ChallWk1 5th"]
[Site "Gibraltar"]
[Date "2007.01.26"]
[Round "4.7"]
[White "Straub, Peter"]
[Black "Nyland, Thomas"]
[Result "0-1"]
[WhiteElo "2096"]
[BlackElo "2124"]
[PlyCount "94"]
[EventDate "2007.01.23"]
[EventType "swiss"]
[EventRounds "5"]
[EventCountry "GGB"]
[SourceTitle "BritBase"]
[Source "www.saund.co.uk"]
[SourceDate "2018.02.10"]
[SourceVersion "1"]
[SourceVersionDate "2018.02.10"]
[SourceQuality "1"]

1. e4 e5 2. Nf3 Nc6 3. Bb5 Nf6 4. d3 Bc5 5. c3 O-O 6. Nbd2 d6 7. h3 a6 8. Ba4
Ba7 9. O-O h6 10. Re1 Nh7 11. Nf1 Qf6 12. Be3 Bxe3 13. Nxe3 Ng5 14. Nxg5 Qxg5
15. Qf3 Ne7 16. Qg3 Qxg3 17. fxg3 f5 18. Bb3+ Kh7 19. d4 exd4 20. cxd4 fxe4 21.
Bc2 c6 22. Bxe4+ Kg8 23. Nc4 d5 24. Nb6 dxe4 25. Nxa8 Nd5 26. Rxe4 Bd7 27. Nc7
Nxc7 28. Re7 Rf7 29. Rae1 Nd5 30. R7e5 Kf8 31. a3 Re7 32. Kf2 Rxe5 33. Rxe5 Kf7
34. Kf3 Nf6 35. g4 g5 36. g3 Be6 37. Kf2 b5 38. Kf1 a5 39. a4 Nd7 40. Re3 b4
41. Re1 Nb6 42. Rc1 Nxa4 43. Rxc6 Nxb2 44. Kf2 a4 45. Ke2 a3 46. Kd2 a2 47. Ra6
Bb3 0-1

[Event "Gibtelecom ChallWk1 5th"]
[Site "Gibraltar"]
[Date "2007.01.26"]
[Round "4.8"]
[White "Vinas Guerrero, Carlos A"]
[Black "Schmidt, Jens Uwe"]
[Result "1/2-1/2"]
[WhiteElo "2124"]
[BlackElo "2092"]
[PlyCount "110"]
[EventDate "2007.01.23"]
[EventType "swiss"]
[EventRounds "5"]
[EventCountry "GGB"]
[SourceTitle "BritBase"]
[Source "www.saund.co.uk"]
[SourceDate "2018.02.10"]
[SourceVersion "1"]
[SourceVersionDate "2018.02.10"]
[SourceQuality "1"]

1. e4 d5 2. exd5 Qxd5 3. Nf3 Bg4 4. Be2 Nf6 5. h3 Bh5 6. d4 e6 7. c4 Qd8 8. O-O
Be7 9. Qb3 Qc8 10. Nc3 O-O 11. g4 Bg6 12. Ne5 Nc6 13. Nxg6 hxg6 14. Be3 e5 15.
d5 Nd4 16. Bxd4 exd4 17. Nb5 Bc5 18. Rad1 c6 19. Nxd4 cxd5 20. cxd5 Qd7 21. Bf3
Rad8 22. Nb5 Rfe8 23. Qc4 Rc8 24. Qd3 Re5 25. Rfe1 Qe7 26. Kf1 Rd8 27. Rxe5
Qxe5 28. Qc3 Qf4 29. Kg2 Bb6 30. Qd2 Qe5 31. Re1 Qb8 32. a3 a6 33. Nc3 Qd6 34.
Qd3 Bc7 35. Rh1 Qf4 36. Qe3 Qd6 37. a4 Bb6 38. Qd2 Ba5 39. Qd3 Bxc3 40. bxc3
Nxd5 41. Bxd5 Qxd5+ 42. Qxd5 Rxd5 43. Rb1 Rd7 44. Rb3 Kf8 45. Kf3 Ke7 46. Rb6
Kd8 47. Ke3 Kc7 48. Rb4 Kc6 49. h4 Kc5 50. a5 Kc6 51. g5 Rd5 52. Rf4 Rd7 53.
Rb4 Rd5 54. Rf4 Rd7 55. Rb4 Rd5 1/2-1/2

[Event "Gibtelecom ChallWk1 5th"]
[Site "Gibraltar"]
[Date "2007.01.26"]
[Round "4.9"]
[White "Osuna Vega, Enrique"]
[Black "Gravett, Alan D"]
[Result "1-0"]
[WhiteElo "2177"]
[BlackElo "1869"]
[PlyCount "81"]
[EventDate "2007.01.23"]
[EventType "swiss"]
[EventRounds "5"]
[EventCountry "GGB"]
[SourceTitle "BritBase"]
[Source "www.saund.co.uk"]
[SourceDate "2018.02.10"]
[SourceVersion "1"]
[SourceVersionDate "2018.02.10"]
[SourceQuality "1"]

1. e4 c5 2. Nf3 d6 3. d4 cxd4 4. Nxd4 Nf6 5. f3 g6 6. c4 Bg7 7. Nc3 O-O 8. Be3
Nc6 9. Qd2 a6 10. Be2 Bd7 11. O-O Rc8 12. Rac1 Kh8 13. Nxc6 Bxc6 14. b4 Be8 15.
Rfd1 a5 16. a3 axb4 17. axb4 Qc7 18. b5 Ra8 19. b6 Qb8 20. Nd5 Nxd5 21. cxd5
Ba4 22. Re1 Rc8 23. Rxc8+ Qxc8 24. Rc1 Qe8 25. Bd4 Bxd4+ 26. Qxd4+ Kg8 27. Ra1
Bd7 28. Ra7 Qc8 29. Bc4 Rxa7 30. bxa7 b5 31. Bf1 Qa6 32. e5 Qa5 33. h3 b4 34.
Kh2 b3 35. e6 fxe6 36. dxe6 Bc6 37. Qf4 Qe5 38. Qxe5 dxe5 39. Bb5 Bd5 40. Bc4
b2 41. Bxd5 1-0

[Event "Gibtelecom ChallWk1 5th"]
[Site "Gibraltar"]
[Date "2007.01.26"]
[Round "4.10"]
[White "Vickery, Jim"]
[Black "Morris-Hill, Ray"]
[Result "1/2-1/2"]
[WhiteElo "2132"]
[BlackElo "1892"]
[PlyCount "96"]
[EventDate "2007.01.23"]
[EventType "swiss"]
[EventRounds "5"]
[EventCountry "GGB"]
[SourceTitle "BritBase"]
[Source "www.saund.co.uk"]
[SourceDate "2018.02.10"]
[SourceVersion "1"]
[SourceVersionDate "2018.02.10"]
[SourceQuality "1"]

1. d4 Nf6 2. Nf3 c5 3. c3 e6 4. Bg5 Qb6 5. Qc2 Nc6 6. e3 d5 7. Nbd2 Bd7 8. Rc1
cxd4 9. exd4 Bd6 10. Bd3 h6 11. Bh4 O-O-O 12. Bg3 Bxg3 13. hxg3 Kb8 14. Nb3 Ng4
15. O-O e5 16. dxe5 Ngxe5 17. Nxe5 Nxe5 18. Rfe1 Rhe8 19. Qd2 g5 20. Bf1 Bf5
21. Qd4 Qd6 22. Qc5 Qxc5 23. Nxc5 Nc6 24. Nb3 Bg6 25. Bb5 a6 26. Bxc6 bxc6 27.
f3 Kc7 28. Kf2 Kb6 29. Rxe8 Rxe8 30. Re1 Rxe1 31. Kxe1 c5 32. Kd2 a5 33. a3 a4
34. Nc1 Kb5 35. Ne2 Kc4 36. g4 d4 37. cxd4 cxd4 38. Nc1 Bh7 39. Ne2 Bd3 40. Ng3
Bg6 41. Ne2 h5 42. gxh5 Bxh5 43. Nc1 Bg6 44. Ne2 f6 45. Nc1 Bh7 46. Ne2 Bf5 47.
Nc1 Bg6 48. Ne2 Bf5 1/2-1/2

[Event "Gibtelecom ChallWk1 5th"]
[Site "Gibraltar"]
[Date "2007.01.26"]
[Round "4.11"]
[White "Pettersen, Joar Gullestad"]
[Black "Compton, Alistair"]
[Result "0-1"]
[WhiteElo "2032"]
[BlackElo "2093"]
[PlyCount "70"]
[EventDate "2007.01.23"]
[EventType "swiss"]
[EventRounds "5"]
[EventCountry "GGB"]
[SourceTitle "BritBase"]
[Source "www.saund.co.uk"]
[SourceDate "2018.02.10"]
[SourceVersion "1"]
[SourceVersionDate "2018.02.10"]
[SourceQuality "1"]

1. Nf3 e6 2. g3 d5 3. Bg2 c5 4. c3 Nc6 5. d4 Bd6 6. O-O Nge7 7. Nbd2 f5 8. dxc5
Bxc5 9. Nb3 Bd6 10. Nfd4 e5 11. Nxc6 bxc6 12. Be3 O-O 13. Bc5 f4 14. e4 Ba6 15.
Re1 Bc4 16. Qg4 Rf6 17. Bxd6 Qxd6 18. Nd2 Ba6 19. Rad1 Rg6 20. Qh5 Rh6 21. Qg5
Rg6 22. Qh5 Rf8 23. Nf3 fxg3 24. fxg3 Qc5+ 25. Kh1 Bc8 26. Qxe5 Bg4 27. b4 Qb6
28. Rf1 Re6 29. Qg5 Rxe4 30. Nd4 Bxd1 31. Rxf8+ Kxf8 32. Bxe4 dxe4 33. Ne6+ Kf7
34. Qxg7+ Kxe6 35. Qh6+ Ng6 0-1

[Event "Gibtelecom ChallWk1 5th"]
[Site "Gibraltar"]
[Date "2007.01.26"]
[Round "4.12"]
[White "Strand, Haakon"]
[Black "Obers, Frits"]
[Result "1/2-1/2"]
[WhiteElo "2015"]
[BlackElo "2071"]
[PlyCount "60"]
[EventDate "2007.01.23"]
[EventType "swiss"]
[EventRounds "5"]
[EventCountry "GGB"]
[SourceTitle "BritBase"]
[Source "www.saund.co.uk"]
[SourceDate "2018.02.10"]
[SourceVersion "1"]
[SourceVersionDate "2018.02.10"]
[SourceQuality "1"]

1. e4 e6 2. d4 d5 3. Nc3 Nf6 4. e5 Nfd7 5. f4 c5 6. Nf3 Nc6 7. Be3 cxd4 8. Nxd4
Bc5 9. Qd2 O-O 10. O-O-O a6 11. h4 Nxd4 12. Bxd4 b5 13. f5 Bxd4 14. Qxd4 Kh8
15. Bd3 Qc7 16. Rde1 Bb7 17. Rh3 Qc5 18. Qf4 d4 19. Nd1 Rac8 20. Rg3 f6 21.
exf6 Nxf6 22. Qg5 Rc7 23. fxe6 Bd5 24. Kb1 Re8 25. Qf5 Qd6 26. Qe5 Qxe5 27.
Rxe5 Rxe6 28. Rxe6 Bxe6 29. Rg5 Kg8 30. Nf2 Re7 1/2-1/2

[Event "Gibtelecom ChallWk1 5th"]
[Site "Gibraltar"]
[Date "2007.01.26"]
[Round "4.13"]
[White "Galliano, Alex"]
[Black "Hickman, John E"]
[Result "1-0"]
[WhiteElo "1300"]
[BlackElo "2052"]
[PlyCount "53"]
[EventDate "2007.01.23"]
[EventType "swiss"]
[EventRounds "5"]
[EventCountry "GGB"]
[SourceTitle "BritBase"]
[Source "www.saund.co.uk"]
[SourceDate "2018.02.10"]
[SourceVersion "1"]
[SourceVersionDate "2018.02.10"]
[SourceQuality "1"]

1. e4 d6 2. d4 Nf6 3. Nc3 g6 4. f3 c6 5. Be3 b5 6. Qd2 Nbd7 7. d5 Nb6 8. dxc6
Nc4 9. Bxc4 bxc4 10. Nd5 Bg7 11. c7 Qd7 12. Qa5 Bb7 13. Nxf6+ Bxf6 14. Ne2 O-O
15. Rd1 Rfc8 16. e5 Bg7 17. exd6 exd6 18. Bf4 d5 19. O-O Qf5 20. c3 Re8 21.
Rfe1 Rxe2 22. Rxe2 Qxf4 23. Rde1 Bc6 24. Qc5 Bd7 25. Qxd5 Rc8 26. Qxd7 Qxc7 27.
Re8+ 1-0

[Event "Gibtelecom ChallWk1 5th"]
[Site "Gibraltar"]
[Date "2007.01.26"]
[Round "4.14"]
[White "Stokes, Ivan"]
[Black "Jameson, David"]
[Result "1-0"]
[WhiteElo "2044"]
[BlackElo "1972"]
[PlyCount "127"]
[EventDate "2007.01.23"]
[EventType "swiss"]
[EventRounds "5"]
[EventCountry "GGB"]
[SourceTitle "BritBase"]
[Source "www.saund.co.uk"]
[SourceDate "2018.02.10"]
[SourceVersion "1"]
[SourceVersionDate "2018.02.10"]
[SourceQuality "1"]

1. e4 c6 2. Nc3 d5 3. Nf3 Bg4 4. h3 Bxf3 5. Qxf3 Nf6 6. e5 Nfd7 7. d4 e6 8. Be3
c5 9. Bb5 Nc6 10. Bxc6 bxc6 11. dxc5 Rb8 12. Qf4 Qa5 13. Qa4 Qxa4 14. Nxa4 Nxe5
15. b3 Nd7 16. a3 e5 17. b4 g6 18. c3 Bg7 19. O-O-O O-O 20. Rhe1 Rfe8 21. Nb2
Nf8 22. f3 f5 23. f4 e4 24. c4 a5 25. cxd5 axb4 26. a4 Bc3 27. Re2 cxd5 28.
Rxd5 Rbd8 29. Rxd8 Rxd8 30. Kc2 Ne6 31. Nc4 Rc8 32. Nb6 Rc6 33. Nd5 Kf7 34.
Nxc3 bxc3 35. Kxc3 Nxc5 36. Kb4 Nd3+ 37. Kb5 Rc3 38. Ra2 Rb3+ 39. Kc4 Rb4+ 40.
Kc3 Ke6 41. a5 Kd5 42. a6 Rc4+ 43. Kd2 Rc8 44. a7 Ra8 45. Ra5+ Kc6 46. Ra6+ Kb5
47. Rb6+ Ka5 48. Rb8 Rxa7 49. Bxa7 Nxf4 50. Rh8 h5 51. Rg8 Nxg2 52. Rxg6 Nh4
53. Rh6 Nf3+ 54. Ke3 h4 55. Rh5 Ka6 56. Bb8 Kb7 57. Bf4 Kc6 58. Rxf5 Ng1 59.
Rh5 Nxh3 60. Rxh4 Ng1 61. Kxe4 Ne2 62. Kd3 Ng1 63. Ke3 Kd5 64. Rh1 1-0

[Event "Gibtelecom ChallWk1 5th"]
[Site "Gibraltar"]
[Date "2007.01.26"]
[Round "4.15"]
[White "Hamer, Martyn"]
[Black "Kvisla, Johannes Luangtep"]
[Result "0-1"]
[WhiteElo "1987"]
[BlackElo "2134"]
[PlyCount "110"]
[EventDate "2007.01.23"]
[EventType "swiss"]
[EventRounds "5"]
[EventCountry "GGB"]
[SourceTitle "BritBase"]
[Source "www.saund.co.uk"]
[SourceDate "2018.02.10"]
[SourceVersion "1"]
[SourceVersionDate "2018.02.10"]
[SourceQuality "1"]

1. e4 e5 2. Nf3 Nc6 3. Bc4 Nf6 4. d3 h6 5. c3 d6 6. O-O g6 7. Nbd2 Bg7 8. Bb3
O-O 9. h3 Nh5 10. Re1 Nf4 11. Nf1 Kh8 12. d4 Qf6 13. dxe5 Nxe5 14. Nxe5 Qxe5
15. Qf3 Ne6 16. Be3 Ng5 17. Bxg5 Qxg5 18. Rad1 Be6 19. Ne3 a5 20. Nd5 a4 21.
Bc2 Bxd5 22. Rxd5 Qf6 23. Qxf6 Bxf6 24. a3 Rfb8 25. f4 Bh4 26. Re3 c6 27. Rxd6
Be7 28. Rd7 Bc5 29. Kf2 Kg7 30. Ke2 Bxe3 31. Kxe3 b5 32. e5 Re8 33. Be4 Rac8
34. Rd6 Re6 35. Kd4 c5+ 36. Kd5 Ree8 37. Bd3 c4 38. Be4 Kf8 39. g4 h5 40. f5
hxg4 41. hxg4 gxf5 42. gxf5 Kg7 43. f6+ Kh6 44. Bf5 Rc7 45. Bd7 Rb8 46. e6
fxe6+ 47. Kxe6 Kg6 48. f7 Kg7 49. Ke7 Rf8 50. Ke6 Rxf7 51. Bxb5 Rf6+ 52. Kd5
Rf5+ 53. Kd4 Rxb5 54. Ra6 Rxb2 55. Rxa4 Rd2+ 0-1

[Event "Gibtelecom ChallWk1 5th"]
[Site "Gibraltar"]
[Date "2007.01.26"]
[Round "4.16"]
[White "Young, Melvyn"]
[Black "Beltran Medina, Jorge"]
[Result "0-1"]
[WhiteElo "1717"]
[BlackElo "2104"]
[PlyCount "58"]
[EventDate "2007.01.23"]
[EventType "swiss"]
[EventRounds "5"]
[EventCountry "GGB"]
[SourceTitle "BritBase"]
[Source "www.saund.co.uk"]
[SourceDate "2018.02.10"]
[SourceVersion "1"]
[SourceVersionDate "2018.02.10"]
[SourceQuality "1"]

1. e4 e6 2. d4 d5 3. exd5 exd5 4. Nf3 Bg4 5. h3 Bh5 6. Qe2+ Qe7 7. Be3 Nc6 8.
Nc3 O-O-O 9. O-O-O Qe8 10. g4 Bg6 11. Ne5 Bb4 12. Nxg6 hxg6 13. Qd3 Nf6 14. Bg2
Bxc3 15. Qxc3 Rd6 16. Rhe1 Re6 17. g5 Ne4 18. Qb3 Qd7 19. f3 Ng3 20. Bf2 Ne2+
21. Kb1 Nexd4 22. Qd3 Rxe1 23. Rxe1 Ne6 24. Qd2 Qd6 25. h4 Kb8 26. a3 Ne7 27.
f4 Rd8 28. Re5 c6 29. Bxa7+ Kxa7 0-1

[Event "Gibtelecom ChallWk1 5th"]
[Site "Gibraltar"]
[Date "2007.01.26"]
[Round "4.17"]
[White "Portman, Carl"]
[Black "Sharp, Dale"]
[Result "0-1"]
[WhiteElo "1848"]
[BlackElo "2085"]
[PlyCount "62"]
[EventDate "2007.01.23"]
[EventType "swiss"]
[EventRounds "5"]
[EventCountry "GGB"]
[SourceTitle "BritBase"]
[Source "www.saund.co.uk"]
[SourceDate "2018.02.10"]
[SourceVersion "1"]
[SourceVersionDate "2018.02.10"]
[SourceQuality "1"]

1. e4 e5 2. d4 exd4 3. c3 d5 4. Qxd4 Be6 5. Nf3 Nc6 6. Bb5 a6 7. Bxc6+ bxc6 8.
Ng5 Nf6 9. Nxe6 fxe6 10. Bg5 Be7 11. Bxf6 Bxf6 12. e5 Bg5 13. f4 Be7 14. Qa4
Qd7 15. Nd2 O-O 16. Nf3 Bc5 17. g3 Be3 18. Nd4 Rab8 19. b4 Rb6 20. Rd1 Qe7 21.
a3 c5 22. Nc2 Bxf4 23. gxf4 Qh4+ 24. Kd2 Qxf4+ 25. Ne3 Qf2+ 26. Kd3 c4+ 27. Kd4
Qf4+ 28. Kc5 Qxe3+ 29. Rd4 Qxe5 30. Qd7 Rfb8 31. a4 Qd6+ 0-1

[Event "Gibtelecom ChallWk1 5th"]
[Site "Gibraltar"]
[Date "2007.01.26"]
[Round "4.18"]
[White "Wright, Jonathan"]
[Black "Dimitrijevic, Dragan"]
[Result "1-0"]
[WhiteElo "1600"]
[BlackElo "2037"]
[PlyCount "82"]
[EventDate "2007.01.23"]
[EventType "swiss"]
[EventRounds "5"]
[EventCountry "GGB"]
[SourceTitle "BritBase"]
[Source "www.saund.co.uk"]
[SourceDate "2018.02.10"]
[SourceVersion "1"]
[SourceVersionDate "2018.02.10"]
[SourceQuality "1"]

1. e4 c5 2. Nc3 a6 3. g3 b5 4. Bg2 Bb7 5. d3 b4 6. Nce2 d5 7. e5 Qc7 8. Bf4 g5
9. Bxg5 Qxe5 10. Bf4 Qxb2 11. Rb1 Qg7 12. Nf3 Nd7 13. d4 e6 14. Ne5 Nxe5 15.
Bxe5 f6 16. Bf4 cxd4 17. Nxd4 e5 18. Qe2 Kf7 19. Nf5 Qg6 20. Nh4 Qg7 21. Qh5+
Qg6 22. Nxg6 hxg6 23. Qd1 exf4 24. Bxd5+ Kg7 25. Bxb7 Re8+ 26. Kf1 fxg3 27.
fxg3 Bc5 28. Rb3 Rh5 29. g4 Rhe5 30. h4 Nh6 31. Bf3 f5 32. Rh2 fxg4 33. Re2
gxf3 34. Rxe5 Rxe5 35. Qd7+ Re7 36. Qd5 Ba7 37. Rxf3 Nf5 38. Qd8 Bc5 39. h5 Rf7
40. hxg6 Kxg6 41. Qg8+ Kf6 1-0

[Event "Gibtelecom ChallWk1 5th"]
[Site "Gibraltar"]
[Date "2007.01.26"]
[Round "4.20"]
[White "Ruiz Manrique, Joaquin"]
[Black "Manetto, Luis"]
[Result "1-0"]
[WhiteElo "1950"]
[BlackElo "1568"]
[PlyCount "82"]
[EventDate "2007.01.23"]
[EventType "swiss"]
[EventRounds "5"]
[EventCountry "GGB"]
[SourceTitle "BritBase"]
[Source "www.saund.co.uk"]
[SourceDate "2018.02.10"]
[SourceVersion "1"]
[SourceVersionDate "2018.02.10"]
[SourceQuality "1"]

1. e4 c5 2. Nf3 d6 3. d4 cxd4 4. Nxd4 Nf6 5. Nc3 a6 6. Be2 e6 7. Be3 Be7 8. f4
O-O 9. O-O Qc7 10. Qe1 Nc6 11. Nb3 Re8 12. Qg3 b5 13. a3 Bf8 14. Rad1 Bb7 15.
Bf3 Rad8 16. Qf2 Ne7 17. Bb6 Qc8 18. Bxd8 Rxd8 19. e5 Bxf3 20. Qxf3 Nfd5 21.
exd6 Rxd6 22. Ne4 Rd8 23. Nd4 Ng6 24. f5 exf5 25. Nxf5 Ngf4 26. Nd4 Be7 27. Rd2
f5 28. Nc3 g6 29. Rfd1 Bc5 30. Kh1 Nxc3 31. bxc3 Nh5 32. Nc6 Rxd2 33. Rxd2 Qe6
34. Qd5 Nf4 35. Qxe6+ Nxe6 36. Rd1 h5 37. Ra1 Nf4 38. a4 Nd5 39. axb5 axb5 40.
c4 Nb4 41. Nxb4 Bxb4 1-0

[Event "Gibtelecom ChallWk1 5th"]
[Site "Gibraltar"]
[Date "2007.01.27"]
[Round "5.1"]
[White "Vea, Odin Blikra"]
[Black "Andreassen, Lars"]
[Result "1/2-1/2"]
[WhiteElo "2147"]
[BlackElo "2160"]
[PlyCount "22"]
[EventDate "2007.01.23"]
[EventType "swiss"]
[EventRounds "5"]
[EventCountry "GGB"]
[SourceTitle "BritBase"]
[Source "www.saund.co.uk"]
[SourceDate "2018.02.10"]
[SourceVersion "1"]
[SourceVersionDate "2018.02.10"]
[SourceQuality "1"]

1. e4 e5 2. Nf3 Nc6 3. Bb5 a6 4. Ba4 Nf6 5. O-O b5 6. Bb3 Be7 7. Re1 d6 8. c3
O-O 9. d4 Re8 10. Ng5 Rf8 11. Nf3 Re8 1/2-1/2

[Event "Gibtelecom ChallWk1 5th"]
[Site "Gibraltar"]
[Date "2007.01.27"]
[Round "5.2"]
[White "Menon, Shanker"]
[Black "Urbina Perez, Juan Antonio"]
[Result "0-1"]
[WhiteElo "2194"]
[BlackElo "2114"]
[PlyCount "77"]
[EventDate "2007.01.23"]
[EventType "swiss"]
[EventRounds "5"]
[EventCountry "GGB"]
[SourceTitle "BritBase"]
[Source "www.saund.co.uk"]
[SourceDate "2018.02.10"]
[SourceVersion "1"]
[SourceVersionDate "2018.02.10"]
[SourceQuality "1"]

1. e4 c5 2. Nc3 Nc6 3. f4 e6 4. Nf3 a6 5. a4 d5 6. e5 Nge7 7. g3 Nf5 8. Bg2
Nfd4 9. O-O Be7 10. d3 O-O 11. Nxd4 cxd4 12. Ne2 Bd7 13. c3 Qb6 14. Kh1 Rac8
15. a5 Nxa5 16. Nxd4 Nc6 17. Nb3 a5 18. Nd2 Ra8 19. Qg4 Qc7 20. Nf3 f5 21. Qh3
Kh8 22. Be3 b5 23. g4 b4 24. gxf5 Rxf5 25. cxb4 Nxb4 26. Nd4 Rf7 27. Rac1 Qb7
28. f5 Nxd3 29. fxe6 Rxf1+ 30. Rxf1 Be8 31. Bg5 Bg6 32. Bxe7 Qxe7 33. Nc6 Qc5
34. Qf3 h6 35. Qxd5 Nf2+ 36. Rxf2 Qxf2 37. Qd1 Bh5 38. Qg1 Qxb2 39. Qd1 0-1

[Event "Gibtelecom ChallWk1 5th"]
[Site "Gibraltar"]
[Date "2007.01.27"]
[Round "5.3"]
[White "Dunn, Andrew"]
[Black "Nyland, Thomas"]
[Result "1/2-1/2"]
[WhiteElo "2190"]
[BlackElo "2124"]
[PlyCount "45"]
[EventDate "2007.01.23"]
[EventType "swiss"]
[EventRounds "5"]
[EventCountry "GGB"]
[SourceTitle "BritBase"]
[Source "www.saund.co.uk"]
[SourceDate "2018.02.10"]
[SourceVersion "1"]
[SourceVersionDate "2018.02.10"]
[SourceQuality "1"]

1. d4 Nf6 2. Nf3 e6 3. c4 d5 4. Nc3 Be7 5. Bg5 O-O 6. e3 b6 7. Be2 Bb7 8. cxd5
Nxd5 9. Bxe7 Qxe7 10. Rc1 c5 11. O-O Nd7 12. Qa4 Nxc3 13. Rxc3 Rfc8 14. Rfc1 a6
15. dxc5 Rxc5 16. Rxc5 Nxc5 17. Qb4 Qc7 18. Qh4 a5 19. a3 Qd8 20. Qxd8+ Rxd8
21. b4 axb4 22. axb4 Na6 23. b5 1/2-1/2

[Event "Gibtelecom ChallWk1 5th"]
[Site "Gibraltar"]
[Date "2007.01.27"]
[Round "5.4"]
[White "Farrand, Julian"]
[Black "Schmidt, Raul"]
[Result "0-1"]
[WhiteElo "2164"]
[BlackElo "1979"]
[PlyCount "72"]
[EventDate "2007.01.23"]
[EventType "swiss"]
[EventRounds "5"]
[EventCountry "GGB"]
[SourceTitle "BritBase"]
[Source "www.saund.co.uk"]
[SourceDate "2018.02.10"]
[SourceVersion "1"]
[SourceVersionDate "2018.02.10"]
[SourceQuality "1"]

1. d4 c5 2. d5 Nf6 3. Nc3 d6 4. e4 g6 5. f4 Bg4 6. Be2 Bxe2 7. Qxe2 Bg7 8. Nf3
O-O 9. O-O Na6 10. Kh1 Nc7 11. a4 b6 12. Nb5 a6 13. Nxc7 Qxc7 14. f5 b5 15.
fxg6 hxg6 16. Ng5 Qd7 17. Ra3 bxa4 18. Qc4 Qb5 19. Rxa4 Nd7 20. Qxb5 axb5 21.
Ra3 Rxa3 22. bxa3 Ra8 23. Nf3 Ra4 24. Re1 Nb6 25. e5 dxe5 26. Nxe5 Nxd5 27. Bb2
e6 28. h3 Bxe5 29. Rxe5 Rc4 30. Re2 Kf8 31. Kg1 Ke7 32. Kf2 Nc3 33. Re1 Na4 34.
Bc1 Rxc2+ 35. Kf3 Nb6 36. Rd1 Nc4 0-1

[Event "Gibtelecom ChallWk1 5th"]
[Site "Gibraltar"]
[Date "2007.01.27"]
[Round "5.5"]
[White "Soraas, Torben"]
[Black "Vinas Guerrero, Carlos A"]
[Result "1-0"]
[WhiteElo "2155"]
[BlackElo "2124"]
[PlyCount "129"]
[EventDate "2007.01.23"]
[EventType "swiss"]
[EventRounds "5"]
[EventCountry "GGB"]
[SourceTitle "BritBase"]
[Source "www.saund.co.uk"]
[SourceDate "2018.02.10"]
[SourceVersion "1"]
[SourceVersionDate "2018.02.10"]
[SourceQuality "1"]

1. e4 c5 2. Nc3 Nc6 3. g3 g6 4. d3 Bg7 5. Be3 d6 6. Qd2 Rb8 7. Bg2 b5 8. Nge2
Nd4 9. O-O b4 10. Nd1 e5 11. Nc1 Nf6 12. a3 b3 13. c4 Nc2 14. Rb1 O-O 15. Bh6
Bxh6 16. Qxh6 a5 17. Ne2 Ng4 18. Qd2 Kg7 19. h3 Nh6 20. Ne3 Nxe3 21. Qxe3 Be6
22. f4 f6 23. Rf3 Qe7 24. Rbf1 g5 25. Qd2 a4 26. Nc3 Ra8 27. fxg5 fxg5 28. Rxf8
Rxf8 29. Rxf8 Kxf8 30. Nxa4 Qd7 31. Nb6 Qa7 32. Nd5 Bxd5 33. exd5 Nf7 34. Be4
Kg7 35. Qd1 Qa5 36. Qxb3 Qe1+ 37. Kh2 Qf2+ 38. Bg2 h5 39. Qc3 h4 40. g4 Qf4+
41. Kh1 Kh6 42. Qe1 e4 43. Bxe4 Ne5 44. Kg2 Kg7 45. b4 Nxg4 46. hxg4 Qxg4+ 47.
Kh2 Qf4+ 48. Kh1 cxb4 49. axb4 h3 50. Qa1+ Kf7 51. Qa7+ Ke8 52. Qd4 Kd8 53.
Qh8+ Kc7 54. Qh7+ Kb6 55. Qxh3 g4 56. Qg2 g3 57. Qg1+ Kc7 58. b5 Kb7 59. Kg2
Qh4 60. Qh1 Qf4 61. Qh7+ Kb6 62. Qf5 Qh4 63. Qh3 Qf4 64. Qxg3 Qf6 65. Qf2+ 1-0

[Event "Gibtelecom ChallWk1 5th"]
[Site "Gibraltar"]
[Date "2007.01.27"]
[Round "5.6"]
[White "Compton, Alistair"]
[Black "Osuna Vega, Enrique"]
[Result "1-0"]
[WhiteElo "2093"]
[BlackElo "2177"]
[PlyCount "71"]
[EventDate "2007.01.23"]
[EventType "swiss"]
[EventRounds "5"]
[EventCountry "GGB"]
[SourceTitle "BritBase"]
[Source "www.saund.co.uk"]
[SourceDate "2018.02.10"]
[SourceVersion "1"]
[SourceVersionDate "2018.02.10"]
[SourceQuality "1"]

1. e4 e6 2. Nf3 d5 3. e5 c5 4. b4 b6 5. c3 Nh6 6. Bb5+ Bd7 7. Bd3 cxb4 8. cxb4
Bxb4 9. a3 Be7 10. Bc2 f5 11. exf6 Bxf6 12. d4 Nf5 13. g4 Nh4 14. Nxh4 Bxh4 15.
g5 g6 16. Qg4 Bxf2+ 17. Kxf2 O-O+ 18. Kg2 e5 19. Qd1 e4 20. Rf1 Rxf1 21. Kxf1
Bh3+ 22. Kg1 Qd7 23. Nc3 Be6 24. Be3 Nc6 25. Bxe4 dxe4 26. Nxe4 Qf7 27. Nf6+
Kf8 28. Qf3 Rc8 29. d5 Bxd5 30. Qxd5 Qxd5 31. Nxd5 Re8 32. Rf1+ Kg7 33. Bd2 Re2
34. Bc3+ Kg8 35. Nf6+ Kg7 36. Nd7+ 1-0